000 00564cab a2200229 4500
001 ##ABS67718
008 040512n2004 000 0 eng u
035 _a(Sirsi) u126176
041 0 _aeng
245 0 0 _aFocus 1
_bmixed-use development
260 _c2004
490 0 _aEstates Gazette
_v(0415) 10 April 2004, 41-51(9)
590 _aABS
651 4 _aBRISTOL
651 4 _aTEMPLE QUAY
651 4 _aSEVEN SISTERS
651 4 _aELEPHANT AND CASTLE
651 4 _aLONDON
651 4 _aSWANSEA
690 _aPROPERTY-PROPERTY DEVELOPMENT
942 _n0
999 _c74396
_d74396